000 00442nam a2200157 4500
001 106879
003 ES-MaACL
005 20230906184312.0
007 t|
008 061121s1971 sp r ||||1| spa d
100 1 _aMoreno Lara, Xavier.
_983395
245 1 0 _aNueva visión de los problemas sexuales /
_cXavier Moreno Lara.
260 _aBilbao :
_bMensajero,
_c1971.
300 _a206 p. ;
_c20 cm.
852 _aES-MaACL
_jC-50087
_bR.77021
999 _c106879
_d106879